000 02143cam a22004814i 4500
003 PE-LiUPU
005 20250731173326.0
008 150625s r 000 0 d
020 _a9780820488097
035 _a(Sirsi) i9780820488097
040 _aPE-LiUPU
_bspa
_cPE-LiUPU
_erda
049 _aPRUA
082 0 4 _a222.1206
_bR96
_221
100 1 _aRussell, Brian D. ,
_eautor.
245 1 4 _aThe song of the sea :
_bthe date of composition and influence of Exodus 15:1-21 /
_cBrian D. Russell.
264 1 _aNew York, Washington, D.C. :
_bPETER LANG,
_c2007.
300 _a215 P. ;
_c24 centímetros
336 _atext
_2rdacontent
337 _aunmediated
_2rdamedia
338 _avolume
_2rdacarrier
490 0 _aStudies in Bilbical Literature ;
_v101
504 _aIncluye bibliografía.
505 0 _aThe interpretation of the Song of the Sea. -The Song of the Sea: Critical text, Prosody, and translation. -An exegetical analysis of Exodus. -The narrative role of the song of the sea in the book of Exodus. -The date of the composition of the Song of the Sea. -Linguistic and comparative evidence. -Historical allusions in the song of the sea. -The Inner-biblical use of Exodus 15: 1b-18. -Exodus 15:1b-18 and the Psalms of Asaph. -Exodus 15:1b-18 and the narrative traditions of Israel.
526 _aSEG42
526 _aSEG41
526 _aSEG40
526 _aSEG39
526 _aP94
526 _aP87
526 _aP86
526 _aP85
526 _aP77
526 _aP76
526 _aP35
541 _g103-8190058-5681041;
630 _aBiblia.
_pA.T.
_pExodo XV: 1-21
_xCrítica,interpretación, etc.
910 _bjv
_clch
_d20081021
942 _2ddc
_cBOOK
949 _a222.1206 R96
_wDEWEY
_c1
_i58654
_lCCODEBUL1
_mBUL
_p69.00
_r0
_sY
_tBOOK
_u2015-6-25
_xTEOLOGIA
_zUNKNOWN
_0COMPRA
_o.STAFF. Colección General
994 _aC0
_bPEPRU
596 _a1
999 _a222.1206 R96
_wDEWEY
_c47533
_i58654
_f2021-11-9
_g5
_lCCODEBUL1
_mBUL
_p69.00
_r0
_sY
_tBOOK
_u2015-6-25
_xTEOLOGIA
_zUNKNOWN
_0COMPRA
_o.STAFF. Colección General
_d47533
980 _81
_gALBERTO SANCHEZ Responsable de Automatización